00715cam a22001571 4500040002600000082002600026100002100052245026200073250003500335300005000370490005400420500004000474650001600514942001000530999001700540 c380 FAO 1986 C162 Or.0 a380 FAO 1986 C162 Or.1 aBandinel, James,10aSome account of the trade in slaves from Africabas connected with Europe and America from the introduction of the trade into modern Europe down to the present time; especially with reference to the efforts made by the British government for its extinction. aFirst edition, new impression. a4 unnumbered pages, v-xv, 323 pages ;c22 cm.1 aCass library of African studies. Slavery series ; aOriginally published, London, 1842. 0aSlave trade cAEDBB c19306d19306